[Event "Levice Toth Memorial"]
[Site "Levice"]
[Date "2019.08.04"]
[Round "6"]
[White "Masiar, Tomas"]
[Black "Balazs, Pavel"]
[Result "0-1"]
[WhiteElo "1000"]
[BlackElo "1532"]
[PlyCount "54"]
[EventDate "2019.08.01"]
[EventType "swiss"]
[EventRounds "7"]
[EventCountry "SVK"]
[SourceTitle "EXT 2020"]
[Source "ChessBase"]
[SourceDate "2019.10.17"]
[SourceVersion "1"]
[SourceVersionDate "2019.10.17"]
[SourceQuality "1"]

1. e4 c6 2. d4 d6 3. Nc3 g6 4. Be3 Bg7 5. Qd2 Nf6 6. 0-0-0 0-0 7. Bh6 Nbd7 8. Be2 Qc7 9. h4 e5 10. dxe5 Nxe5 11. Bxg7 Kxg7 12. f4 Neg4 13. Bxg4 Bxg4 14. Qxd6 Qb6 15. Nf3 Rad8 16. Qe5 Rfe8 17. Na4 Qe3+ 18. Kb1 Rxd1+ 19. Rxd1 Rxe5 20. fxe5 Bxf3 21. exf6+ Kxf6 22. gxf3 Qxf3 23. Nc3 Ke6 24. a3 h6 25. Re1 g5 26. hxg5 hxg5 27. Ne2 Qf2 0-1